|
|
|
|
| LEADER |
00000nab#a22000007a#4500 |
| 001 |
arbauad027545 |
| 003 |
AR-BaUAD |
| 005 |
20250711112245.0 |
| 008 |
970708|||||||||###||||||b###|0###a|spa|| |
| 040 |
|
|
|a AR-BaUAD
|c AR-BaUAD
|b spa
|
| 100 |
|
|
|a van Valkenburgh, Michael
|
| 245 |
|
|
|a Identidad vegetal :
|b Sede de general Mills en Minneapolis y patio en Paris /
|c Michael van Valkenburgh;
|
| 300 |
0 |
|
|b cortes, fot., plantas, vistas
|
| 653 |
|
|
|a PARIS
|
| 653 |
|
|
|a FRANCIA
|
| 653 |
|
|
|a PARQUIZACIONES
|
| 653 |
|
|
|a VAN VALKENBURGH, MICHAEL
|
| 653 |
|
|
|a PATIO EN LA AVENUE MONTAIGNE
|
| 653 |
|
|
|a ESTADOS UNIDOS
|
| 653 |
|
|
|a SEDE DE GENERAL MILLS
|
| 773 |
0 |
|
|t ARQUITECTURA VIVA
|g no. 53 [mar.-abr. 1997], p. 46-49
|
| 942 |
|
|
|c ARTI
|
| 952 |
|
|
|0 0
|1 0
|4 0
|7 0
|9 72464
|a AR-BAuAD
|b AR-BAuAD
|d 2025-07-11
|l 0
|p AAQA027545
|r 2025-07-11 11:22:45
|w 2025-07-11
|y ARTI
|
| 990 |
|
|
|a AQ199
|b TD
|
| 998 |
|
|
|a AAQ
|b BIBUN76
|
| 999 |
|
|
|c 52137
|d 52137
|